Catálogo
 En Linea

Estoy tratando de sentarme a sus pies, pero..., ¿quién cocina? / (Registro nro. 33942)

Detalles MARC
000 -CABECERA
campo de control de longitud fija 00576nam a2200169 a 4500
001 - NÚMERO DE CONTROL
campo de control 000034451
005 - FECHA Y HORA DE LA ÚLTIMA TRANSACCIÓN
campo de control 20200930073716.0
008 - DATOS DE LONGITUD FIJA--INFORMACIÓN GENERAL
campo de control de longitud fija 111004s1997 xxu 000 0 spa d
020 ## - NÚMERO INTERNACIONAL ESTÁNDAR DEL LIBRO
Número Internacional Estándar del Libro 0884195155
040 ## - FUENTE DE LA CATALOGACIÓN
Centro catalogador/agencia de origen DO-SdBNP
Lengua de catalogación spa
Centro/agencia transcriptor BNPHU
082 ## - NÚMERO DE LA CLASIFICACIÓN DECIMAL DEWEY
Número de clasificación xxx
Número de documento/Ítem L459e
100 1# - ENTRADA PRINCIPAL--NOMBRE DE PERSONA
Nombre de persona Lechner, Cathy
9 (RLIN) 59882
245 10 - MENCIÓN DE TÍTULO
Título Estoy tratando de sentarme a sus pies, pero..., ¿quién cocina? /
Mención de responsabilidad, etc. Cathy Lechner.
260 ## - PUBLICACIÓN, DISTRIBUCIÓN, ETC.
Lugar de publicación, distribución, etc. Estados Unidos :
Nombre del editor, distribuidor, etc. Casa creación,
Fecha de publicación, distribución, etc. 1997.
300 ## - DESCRIPCIÓN FÍSICA
Extensión 167 p. :
Otras características físicas 22 cm.
534 ## - NOTA SOBRE LA VERSIÓN ORIGINAL
Frase introductoria Título original :
Mención de título del original I'm trying to sit at his feet, but who's going to cook dinner?
Existencias
Estado de retiro Estado de pérdida Restricciones de uso No para préstamo Código de colección Localización permanente Ubicación/localización actual Ubicación en estantería Fecha de adquisición Número de inventario Total de préstamos Signatura topográfica completa Código de barras Fecha visto por última vez Precio válido a partir de Tipo de ítem Koha
        Monografías: Libros y Folletos General General Orden iniciada 04.10.2011 LF1   xxx L459e 34451-10 25.06.2020 25.06.2020 No se presta

Con tecnología Koha